01252nam a2200313Ia 4500001001200000003000800012006001900020007001500039008004100054010001700095020002600112020002500138040002100163035002100184050002600205245014600231260004400377300001700421504005100438533015200489650002900641650003100670655002900701700002600730700002200756710001700778856012600795999001700921ebr10323155CaPaEBRm u cr cn|||||||||090410s2009 mau sb 001 0 eng d z 2009013394 z9780470057810 (cloth) z9780470057841 (pbk.) aCaPaEBRcCaPaEBR a(OCoLC)58740325514aRC560.S47bC64 2009eb00aCognitive approaches to the assessment of sexual interest in sexual offendersh[electronic resource] /cedited by D. Thornton and D. R. Laws. aMalden, MA :bJohn Wiley & Sons,c2009. axiii, 236 p. aIncludes bibliographical references and index. aElectronic reproduction.bPalo Alto, Calif. :cebrary,d2009.nAvailable via World Wide Web.nAccess may be limited to ebrary affiliated libraries. 0aSex offendersxResearch. 0aChild molestersxResearch. 7aElectronic books.2local1 aThornton, D.q(David)1 aLaws, D. Richard.2 aebrary, Inc.40uhttp://site.ebrary.com/lib/rucke/Doc?id=10323155zAn electronic book accessible through the World Wide Web; click to view c54659d54659